| 000 | 01603nam a2200301 a 4500 | ||
|---|---|---|---|
| 001 | 001197618 | ||
| 003 | AM-YEHGA | ||
| 005 | 20250618075353.0 | ||
| 008 | 161215s2016 ai fo|||r|||||||||0|arm|d | ||
| 020 | _a9789939912196 | ||
| 040 | _aAM-YeHGA | ||
| 041 | 1 |
_aarm _heng |
|
| 245 | 0 | 0 |
_aԳրիգոր Խանջյան. Պատկերից անդին = _bGrigor Khanjyan. Beyond Image. / _cԿազմող՝ Ա. Եսայանց ; Անգլերենի թարգմանիչ՝ Ա. Բախչինյան; Ձևավորող՝ Է. Պողոսյան ; Լուսանկարիչ՝ Ռ. Մարտիրոսյան ; Գաֆէսճեան արվեստի կենտրոն. |
| 246 | 3 | 1 |
_aGrigor Khanjyan _bBeyond Image |
| 260 |
_aԵրևան : _bԳաֆէսճեան արվեստի կենտրոն, _c2016. |
||
| 300 |
_a95 էջ : _bգունանկ., լուսանկ. ; _c23x22 սմ. _e[Երկլեզու կատալոգ] |
||
| 546 | _aԲնագիրը՝ հայերեն և անգլերեն | ||
| 600 | 1 | 4 |
_aԽանջյան, Գրիգոր Սեպուհի, _d1926-2000 _91078 |
| 650 | 1 | 4 |
_aՀայ գեղանկարիչներ _xԿյանքը և գործունեությունը |
| 653 | 0 | _aՀայ անվանի գեղանկարիչներ | |
| 700 | 1 |
_aԵսայանց, Արմեն _eկազմող _4com |
|
| 700 | 1 |
_aԲախչինյան, Արծվի Հենրիկի, _g(Արծուի) _d1971- _eթարգմանիչ _4trl |
|
| 700 | 1 |
_aՊողոսյան, Էդիկ _eձևավորող _4dsr |
|
| 700 | 1 |
_aՄարտիրոսյան, Ռուբեն _eլուսանկարիչ _4pht |
|
| 710 | 1 | _aԳաֆէսճեան արվեստի կենտրոն | |
| 942 |
_2udc _cBK |
||
| 090 | _c460637 | ||
| 999 |
_c457594 _d457594 |
||